Detalles MARC
| 000 -ENCABEZADO |
| Número de control [NR] |
02071nam a2200493Ia 4500 |
| 008 - DE LONGITUD FIJA DE DATOS DE ELEMENTOS - INFORMACIÓN GENERAL |
| Elementos de longitud fija [NR] |
130821s1914 ck gr spa |
| 040 ## - FUENTE DE CATALOGACION [NR] |
| Agencia de catalogación original [NR] |
Co-BoUCM |
| Idioma de catalogación [NR] |
spa |
| 041 0# - CODIGO DE IDIOMA [R] |
| Código de idioma para texto/pista de sonido o título separado [R] |
Español |
| 092 ## - SIGNATURA TOPOGRAFICA LOCAL |
| Número de clasificación local |
E13N034 |
| 110 1# - ASIENTO PRINCIPAL--NOMBRE CORPORATIVO [NR] |
| Nombre corporativo o de jurisdicción como elemento de entrada [NR] |
Colombia |
| 245 10 - MENCION DE TITULO [NR] |
| Título [NR] |
Código civil colombiano y leyes que lo adicionan y reforman |
| 250 ## - MENCION DE EDICION [NR] |
| Mención de edición [NR] |
2a ed. |
| Resto de la mención de edición [NR] |
dirigida /por eduardo Rodríguez Piñeros |
| 260 ## - PUBLICACION, DISTRIBUCION, ETC. (PIE DE IMPRENTA) [R] |
| Lugar de publicación, distribución, etc. [R] |
Bogotá (Colombia) |
| Nombre del editor, distribuidor, etc. [R] |
Imprenta de la Luz |
| Fecha de publicación, distribución, etc. [R] |
1914 |
| 300 ## - DESCRIPCION FISICA [R] |
| Extensión [R] |
509, [1] páginas |
| 500 ## - NOTA GENERAL [R] |
| Nota general [NR] |
Detalles físicos: Encuadernación rígida, cartón forrado en papel jaspeado. Lomo en cuero con letras y líneas decorativas en dorado, deteriorado por humedad. Guarda delantera con anotaciones manuscrita sobre gran parte de ella. Portada impresa a |
| 500 ## - NOTA GENERAL [R] |
| Nota general [NR] |
Incluye índice. |
| 505 ## - NOTA DE CONTENIDO CON FORMATO PREESTABLECIDO [R] |
| Nota de contenido con formato preestablecido [NR] |
Título preliminar Título III de la constitución, de los derechos civiles y garantías sociales (en 6 capítulos). ; Libro primero de las personas. ; Libro segundo de los bienes y de su dominio, posesión, uso y goce. ; Libro tercero de la sucesión |
| 506 ## - NOTA DE RESTRICCIONES DE ACCESO [R] |
| Condiciones de acceso [NR] |
Consulta en sala. |
| 650 ## - ASIENTO SECUNDARIO DE MATERIA - TERMINO TEMATICO [R] |
| Término temático o nombre geográfico como elemento de entrada [NR] |
Derecho civil |
| Subdivisión general [R] |
Legislación |
| Subdivisión geográfica [R] |
Colombia |
| 9 (RLIN) |
12711 |
| 650 ## - ASIENTO SECUNDARIO DE MATERIA - TERMINO TEMATICO [R] |
| Término temático o nombre geográfico como elemento de entrada [NR] |
Derecho |
| 9 (RLIN) |
7494 |
| 650 ## - ASIENTO SECUNDARIO DE MATERIA - TERMINO TEMATICO [R] |
| Término temático o nombre geográfico como elemento de entrada [NR] |
Jurisprudencia civil |
| Subdivisión geográfica [R] |
Colombia |
| 9 (RLIN) |
7771 |
| 650 ## - ASIENTO SECUNDARIO DE MATERIA - TERMINO TEMATICO [R] |
| Término temático o nombre geográfico como elemento de entrada [NR] |
Procedimiento civil |
| Subdivisión geográfica [R] |
Colombia |
| 9 (RLIN) |
7969 |
| 653 ## - TERMINO DE INDIZACION - NO CONTROLADO [R] |
| Término de indización no controlado [R] |
Decreto legislativo número 39 de 1905 |
| -- |
6315 |
| 653 ## - TERMINO DE INDIZACION - NO CONTROLADO [R] |
| Término de indización no controlado [R] |
Ley 100 de 1888 |
| -- |
6418 |
| 653 ## - TERMINO DE INDIZACION - NO CONTROLADO [R] |
| Término de indización no controlado [R] |
Ley 105 de 1913 |
| -- |
6432 |
| 653 ## - TERMINO DE INDIZACION - NO CONTROLADO [R] |
| Término de indización no controlado [R] |
Ley 14 de 1887 |
| -- |
6527 |
| 653 ## - TERMINO DE INDIZACION - NO CONTROLADO [R] |
| Término de indización no controlado [R] |
Ley 153 de 1887 |
| -- |
6554 |
| 653 ## - TERMINO DE INDIZACION - NO CONTROLADO [R] |
| Término de indización no controlado [R] |
Ley 2 de 1886 |
| -- |
6592 |
| 653 ## - TERMINO DE INDIZACION - NO CONTROLADO [R] |
| Término de indización no controlado [R] |
Ley 3 de 1886 |
| -- |
6674 |
| 653 ## - TERMINO DE INDIZACION - NO CONTROLADO [R] |
| Término de indización no controlado [R] |
Ley 30 de 1888 |
| -- |
6679 |
| 653 ## - TERMINO DE INDIZACION - NO CONTROLADO [R] |
| Término de indización no controlado [R] |
Ley 33 de 1896 |
| -- |
6693 |
| 653 ## - TERMINO DE INDIZACION - NO CONTROLADO [R] |
| Término de indización no controlado [R] |
Ley 35 de 1888 |
| -- |
6705 |
| 653 ## - TERMINO DE INDIZACION - NO CONTROLADO [R] |
| Término de indización no controlado [R] |
Ley 39 de 1890 |
| -- |
6728 |
| 653 ## - TERMINO DE INDIZACION - NO CONTROLADO [R] |
| Término de indización no controlado [R] |
Ley 4 de 1913 |
| -- |
6733 |
| 653 ## - TERMINO DE INDIZACION - NO CONTROLADO [R] |
| Término de indización no controlado [R] |
Ley 40 de 1907 |
| -- |
6738 |
| 653 ## - TERMINO DE INDIZACION - NO CONTROLADO [R] |
| Término de indización no controlado [R] |
Ley 56 de 1904 |
| -- |
6808 |
| 653 ## - TERMINO DE INDIZACION - NO CONTROLADO [R] |
| Término de indización no controlado [R] |
Ley 57 de 1887 |
| -- |
6810 |
| 653 ## - TERMINO DE INDIZACION - NO CONTROLADO [R] |
| Término de indización no controlado [R] |
Ley 8 de 1888 |
| -- |
6921 |
| 653 ## - TERMINO DE INDIZACION - NO CONTROLADO [R] |
| Término de indización no controlado [R] |
Ley 95 de 1890 |
| -- |
6989 |
| 700 ## - ASIENTO SECUNDARIO - NOMBRE PERSONAL [R] |
| Nombre personal [NR] |
Rodriguez Piñeros, Eduardo |
| Término de relación [R] |
|
| 710 2# - ASIENTO SECUNDARIO - NOMBRE CORPORATIVO [R] |
| Nombre corporativo o de jurisdicción como elemento de entrada [NR] |
Imprenta de la luz |
| 942 ## - ELEMENTOS DE ENTRADA AGREGADOS (KOHA) |
| Tipo de ítem principal el descrito en 300a |
Libro |
| Tema principal |
Derecho |
| Edición |
2 |
| Sistema de clasificación |
DEWEY |
| Clasificación |
348.023 |